Film italien : Le bon, la brute et le truand - Statistiques

Statistiques générales
  • Ce quiz a été pris 48 fois
  • Le résultat moyen est 12 sur 22
Statistiques - réponses
Questions Réponses % Correct
Acteur qui joua le rôle de Blondin (Il Biondo en version italienne), le "bon". Clint Eastwood
100%
Compositeur de la bande originale du film. Ennio Morricone
87%
Réalisateur et coscénariste du film. Sergio Leone
87%
Pays dans lequel le film a été tourné. L'Espagne
82%
Général notamment vainqueur à Fredericksburg dont Tuco ne se souvenait plus du nom. Robert Edward Lee
79%
Chef d'État de ce pays dont le régime approuva le tournage de ce film, du moment qu'il ne concerna pas le pays lui-même aux dires de l'acteur principal (réponse #1). Francisco Franco
76%
Genre de films westerns auquel appartient "Le bon, la brute et le truand". Le western spaghetti
76%
Complétez cette réplique de Sentenza dans la version française du film : "Oh j'allais oublier. Il m'a donné mille dollars. Et sais-tu pourquoi ? Pour que je te tue ! Mais l'ennui, c'est que moi, je finis toujours le travail pour lequel on me ___. Tu le sais, n'est-ce pas ?" Paie
76%
Acteur qui joua le rôle de Tuco, le truand en version française mais la brute, "il brutto", en version italienne. Eli Wallach
74%
Acteur au regard puissant qui joua le rôle de Sentenza, la brute en version française et le "mauvais" ("il cattivo") en version italienne. Lee Van Cleef
74%
Année de sortie du film. 1966
68%
Région du sud de ce pays dans laquelle l'essentiel du film a été tourné. L'Andalousie
68%
Fonction du frère de Tuco, Pablo, incarné par Luigi Pistilli. Moine
61%
Cause pour laquelle s'est battu ce général ainsi que les soldats qui reposent dans le cimetière où se termine l'histoire du film. Les États confédérés d'Amérique
58%
Complétez cette réplique de Blondin dans la version française du film : "Le premier village est à 110 kilomètres d'ici... Si tu économises ton _____, tu dois pouvoir y arriver. Sans rancune..." Souffle
55%
Groupe de musique metal qui interpréta souvent cette composition-là (réponse #9) en introduction de ses concerts. Metallica
29%
Instrument dont jouait Michele Lacerenza dans l'orchestre du précédent auquel ce dernier attachait beaucoup d'importance. On l'entend distinctement sur la musique du duel à trois ("Il triello") entre autres. La trompette
21%
Composition musicale qui accompagna l'arrivée de Tuco dans le cimetière (titre français, italien ou anglais accepté). L'extase de l'or
18%
Acteur de théâtre qui fut la voix française de Tuco, également connu pour avoir doublé Sir Roger Moore (à qui il prêta une voix moins lourde), Burt Lancaster et John Wayne entre autres. Claude Bertrand
11%
Ville du Nord de l'Espagne dans les environs de laquelle a été tournée la scène finale du duel à trois dans le cimetière. Burgos
5%
Chanteuse soprano qui interpréta cette composition. Edda Dell'Orso, née Sabatini
0%
Coscénariste et auteur original de l'histoire en collaboration avec le précédent. Luciano Vincenzoni
0%
Aucun quiz correspondant
Distribution des résultats
% des personnes avec chaque résultat
Percentile par nombre de réponses
Votre historique - résultats
Vous n’avez pas pris ce quiz